| 000 | 00616nam a22001817a 4500 | ||
|---|---|---|---|
| 003 | NUST | ||
| 005 | 20240213111255.0 | ||
| 008 | 190621b ||||| |||| 00| 0 eng d | ||
| 038 | _aMr.Noman | ||
| 082 | _a610.28 | ||
| 100 |
_aMisbah Nazir _915237 |
||
| 245 |
_aDevlopment and Characterization of Biomedical Textile through Layer by Layer Deposition of Erythromycin Loaded Antibacterial Nanoparticles / _cMisbah Nazir |
||
| 260 |
_aIslamabad _bSMME Nust _c2016 |
||
| 300 |
_a58p. _c30cm |
||
| 700 |
_aDr Nasir M. Ahmad _928507 |
||
| 856 | _uhttp://10.250.8.41:8080/xmlui/handle/123456789/6603 | ||
| 942 |
_2ddc _cTHE |
||
| 999 |
_c524415 _d524415 |
||